Word Ladder: This is CNN Quiz Stats

Quiz Updated Mar 29, 2016

Challenge
Share
Tweet
Embed
Score 0/40 Timer 04:00
0 Plays Today
Clue 4-Letter Word % Correct
Home to a birdNEST
98%
Top medal Olympians strive forGOLD
97.1%
A darkened font typeBOLD
95.9%
Most superiorBEST
95.8%
Alternative to suspendersBELT
94.1%
To make music with one's voiceSING
93.3%
** Cable ____ Network **NEWS
92.4%
Dog's utteranceWOOF
91.3%
Something over your head or under a FiddlerROOF
91.2%
Skinny amphibian or pudgy politicianNEWT
90.9%
A roll of fabric or wallpaperBOLT
90.1%
Game for a Tiger or Greg the Shark NormanGOLF
89.9%
** The Situation Room with ___ Blitzer **WOLF
89.3%
Apathy, Lust, and Pride, e.g.SINS
88.5%
Cappuccino topperFOAM
88.4%
Kitchen and bathroom fixtureSINK
87.4%
WanderROAM
87.4%
A division of a house or floorROOM
87.1%
Neck/head hair of lion or horseMANE
85.4%
Button to tune out television talkMUTE
85.2%
Clue 4-Letter Word % Correct
Dorsal and pectoral, e.g.FINS
84.9%
To make or moldFORM
82.4%
Masculine fragranceMUSK
82.3%
Most bank robbers wear oneMASK
80.2%
Inspiration for artistic creationMUSE
79.7%
Types of evergeen treesFIRS
79.6%
Welles' 'Citizen _____'KANE
79.6%
A big smileGRIN
79%
Big name in truck manufacturingMACK
78.4%
Unhealthy mind or bodySICK
77.1%
Stiff, steadfast or securely fixedFIRM
76.8%
Opposite of lossGAIN
76.4%
To procreateMATE
75.3%
A bag usually made of clothSACK
74.8%
A twist or bend in hair or ropeKINK
72.2%
Chief or largest partMAIN
70.7%
** John ______, USA **KING
67.8%
** Co-anchor of 'At This Hour' ____ Bolduan **KATE
67.1%
Author Thomas or director MichaelMANN
65.5%
** Out Front with ____ Burnett **ERIN
40.6%

Today's Daily Dose

Missing Word
For Dummies Books

Word Ladder
Ariana Grande

Quick Pick
1970s Authors

On This Day
June 21st II

You're not logged in!

Compare scores with friends on all Sporcle quizzes.
Join for Free
OR
Log In

You Might Also Like...

Show Comments

Extras

Top Quizzes Today


Score Distribution

Your Account Isn't Verified!

In order to create a playlist on Sporcle, you need to verify the email address you used during registration. Go to your Sporcle Settings to finish the process.

Report this User

Report this user for behavior that violates our Community Guidelines.

Details: